000 01145nam a22003737a 4500
001 0007258
003 KOHA_MİRAKIL
005 20260207001551.0
007 ta
008 090904b1979 tu |||gr||||#||||0|tur |
020 _c0,01
040 _aTR-BiSEU
_btur
_cTR-BiSEU
_erda
041 0 _atur
044 _ctu
050 _aHG3751
_b.O53 1979
100 1 _aÖnal, Recep.
245 1 _aTürkiye'de selektif kredi politikası uygulamaları/
_cRecep Önal ; Recep Önal.
264 1 _aAnkara :
_bTürkiye Bankalar Birliği
_c1979
300 _a58 sayfa; 21 cm.
336 _ametin
_btxt
_2rdacontent
337 _aaracısız
_bn
_2rdamedia
338 _acilt
_bnc
_2rdacarrier
490 1 _aTürkiye Bankalar Birliği yayınları ;
_vno.
490 1 _a101.
490 1 _aKonferans serisi ;
_vno.
490 1 _a19.
650 0 _aKredi--Kredi yönetimi--Kredi analizi.
_918015
650 0 _aCredit--Credit management--Credit analysis.
_918016
830 1 _aTürkiye Bankalar Birliği yayınları ;
_vno.
_917680
830 1 _a101.
_917476
830 1 _aKonferans serisi ;
_vno.
_918017
830 1 _a19.
_96746
942 _2lcc
_cBK
999 _c7238
_d7238